Community and privacy : (Record no. 1521)
[ view plain ]
| 000 -LEADER | |
|---|---|
| fixed length control field | nam a22 7a 4500 |
| 005 - DATE AND TIME OF LATEST TRANSACTION | |
| control field | 20170509164756.0 |
| 008 - FIXED-LENGTH DATA ELEMENTS--GENERAL INFORMATION | |
| fixed length control field | 170509b1965 ny ||||| |||| 00| 0 eng d |
| 020 ## - INTERNATIONAL STANDARD BOOK NUMBER | |
| International Standard Book Number | 0385034768 |
| 040 ## - CATALOGING SOURCE | |
| Original cataloging agency | AKMAL |
| 082 ## - DEWEY DECIMAL CLASSIFICATION NUMBER | |
| Classification number | 307 CHE |
| 090 ## - LOCALLY ASSIGNED LC-TYPE CALL NUMBER (OCLC); LOCAL CALL NUMBER (RLIN) | |
| Classification number (OCLC) (R) ; Classification number, CALL (RLIN) (NR) | 307 |
| Local cutter number (OCLC) ; Book number/undivided call number, CALL (RLIN) | CHE |
| 100 1# - MAIN ENTRY--PERSONAL NAME | |
| Personal name | Chermayeff, Serge, |
| Dates associated with a name | 1900-1996 |
| 9 (RLIN) | 3037 |
| 245 10 - TITLE STATEMENT | |
| Title | Community and privacy : |
| Remainder of title | Toward a new architecture of humanism |
| 260 ## - PUBLICATION, DISTRIBUTION, ETC. | |
| Place of publication, distribution, etc. | [S.l.] : |
| Name of publisher, distributor, etc. | Doubleday, |
| Date of publication, distribution, etc. | 1965 |
| 300 ## - PHYSICAL DESCRIPTION | |
| Extent | 255p |
| Dimensions | cm |
| 700 1# - ADDED ENTRY--PERSONAL NAME | |
| Personal name | Alexander, Christopher, |
| Dates associated with a name | 1936- |
| 9 (RLIN) | 3038 |
| 942 ## - ADDED ENTRY ELEMENTS (KOHA) | |
| Source of classification or shelving scheme | |
| Koha item type | Book |
| Withdrawn status | Lost status | Source of classification or shelving scheme | Damaged status | Not for loan | Collection code | Home library | Current library | Shelving location | Date acquired | Inventory number | Full call number | Barcode | Date last seen | Price effective from | Koha item type | Public note |
|---|---|---|---|---|---|---|---|---|---|---|---|---|---|---|---|---|
| NON-FICTION | AKMAL Melaka | AKMAL Melaka | PINJAMAN | 09.05.2017 | 301621 | 307 CHE | 201702830 | 09.05.2017 | 09.05.2017 | Book | Dilupuskan. No. Fail. ARKIBMLK.600-6/9/1 Jld.8 ( ) |
